| 000 -ლიდერი |
| ფიქსირებული სიგრძის საკონტროლო ველი |
01861nam a2200289Ia 4500 |
| 001 - საკონტროლო ნომერი |
| საკონტროლო ველი |
4502 |
| 003 - საკონტროლო ნომრის იდენტიფიკატორი |
| საკონტროლო ველი |
GE_BSU |
| 005 - ბოლო ოპერაციის თარიღი და დრო |
| საკონტროლო ველი |
20191016164129.0 |
| 008 - ფიქსირებული სიგრძის მონაცემთა ელემენტები - ზოგადი ინფორმაცია |
| ფიქსირებული სიგრძის საკონტროლო ველი |
181216s2012||||ge |||||||||||||| ||geo|| |
| 020 ## - წიგნის საერთაშორისო სტანდარტული ნომერი |
| International Standard Book Number |
9789941042072 |
| 040 ## - კატალოგიზაციის წყარო |
| Transcribing agency |
GE_BSU |
| 041 ## - ენის კოდი |
| Language code of text/sound track or separate title |
geo |
| 080 ## - უნივერსალური ათობითი კლასიფიკაციის ინდექსი |
| Universal Decimal Classification number |
72(479.22) ა–84 |
| 245 ## - ცნობა სათაურის შესახებ |
| Title |
არქიტექტურის რესტავრაცია საქართველოში : |
| Remainder of title |
ისტორიოგრაფია, ტრადიცია, გამოცდილების ანალიზი / |
| Statement of responsibility, etc |
ავტ.: ირინე ელიზბარაშვილი, მანანა სურამელაშვილი, ციცინო ჩაჩხუნაშვილი, ხათუნა ჭურღულია ; მთარგმნ. მანანა თევზაძე ; რედ. დიმიტრი თუმანიშვილი |
| 264 ## - წარმოების, გამოცემის, დისტრიბუციის და სხვა ცნობები |
| გამოცემის, წარმოების, დისტრიბუციის... ადგილი |
თბ.: |
| გამოცემის, წარმოების, დისტრიბუციის... სახელწოდება |
შპს "სეზანი", |
| გამოცემის, წარმოების, დისტრიბუციის... თარიღი |
2012. |
| 300 ## - ფიზიკური აღწერა |
| Extent |
299 გვ. ; |
| Other physical details |
27 სმ. |
| 504 ## - BIBLIOGRAPHY, ETC. NOTE |
| Bibliography, etc |
ბიბლიოგრ.: გვ. 297-299. |
| 520 ## - SUMMARY, ETC. |
| Summary, etc |
რეზ. ინგლ.. |
| 653 ## - INDEX TERM--UNCONTROLLED |
| Uncontrolled term |
ქართული ეკლესია-მონასტრების რესტავრაცია |
| 700 ## - ADDED ENTRY--PERSONAL NAME |
| Personal name |
ელიზბარაშვილი, ირინე |
| Relator term |
ავტორი |
| 9 (RLIN) |
4760 |
| 700 ## - ADDED ENTRY--PERSONAL NAME |
| Personal name |
სურამელაშვილი, მანანა |
| Relator term |
ავტორი |
| 9 (RLIN) |
4761 |
| 700 ## - ADDED ENTRY--PERSONAL NAME |
| Personal name |
ჩაჩხუნაშვილი, ციცინო |
| Relator term |
ავტორი |
| 9 (RLIN) |
4762 |
| 700 ## - ADDED ENTRY--PERSONAL NAME |
| Personal name |
ჭურღულია, ხათუნა |
| Relator term |
ავტორი |
| 9 (RLIN) |
4763 |
| 700 ## - ADDED ENTRY--PERSONAL NAME |
| Personal name |
თევზაძე, მანანა |
| Relator term |
მთარგმნელი |
| 9 (RLIN) |
4764 |
| 700 ## - ADDED ENTRY--PERSONAL NAME |
| Personal name |
თუმანიშვილი, დიმიტრი |
| Relator term |
რედაქტორი |
| 9 (RLIN) |
4765 |
| 942 ## - ADDED ENTRY ELEMENTS (KOHA) |
| Koha item type |
წიგნი |
| Source of classification or shelving scheme |
|